| 000 | 00642nam a22001457a 4500 | ||
|---|---|---|---|
| 008 | 131203b xxu||||| |||| 00| 0 eng d | ||
| 050 | _aB995.L654E36 2010 | ||
| 100 |
_aEkwueme, Evaristus Okechukwu _94814 |
||
| 245 |
_aEmergent probability, computers and insight as information _bLonergan's emergent probability, computer aided insights, and their implementation on develpoment in African history _cEvaristus Okechukwu Ekwueme |
||
| 260 |
_aSaarbrücken _bLap Lambert Academic Publishing _c2010 |
||
| 300 |
_a346p. ; _c23cm. |
||
| 600 |
_aLonergan, Bernard J. F _94815 |
||
| 650 |
_a Computers _xPhilosophy _94816 |
||
| 942 |
_2lcc _cMONOGRAPH _01 |
||
| 999 |
_c118983 _d118983 |
||